000 00699nam a2200229 a 4500
001 BRCA_6845
005 20190320205620.0
008 091111s1911----sp-#######---#000-0#spa-#
041 _aspa
044 _asp
050 4 _aPQ6613
_b.A5 T73 1 1911
100 1 _aGanivet, Angel
_d1865-1898
_917075
245 1 0 _aLos trabajos del infatigable creador Pio Cid
_cAngel Ganivet
260 _aMadrid
_bLibrería General de V. Suárez
_c1911
300 _a320 p. (v.1)
_c19 cm.
500 _aEstado físico: Intonso, cubierta posterior y algunas páginas desprendidos.
500 _aVer también O163 (v.2)
500 _aO35
650 1 4 _aLiteratura española
_912355
902 _aGFM
942 _2lcc
_cB
999 _c6528
_d6528